[Event "CAN-ch"]
[Site "Kitchener"]
[Date "2007.08.05"]
[Round "9"]
[White "Szalay, Karoly"]
[Black "Mikanovic, Goran"]
[Result "0-1"]
[WhiteElo "2113"]
[BlackElo "2303"]
[PlyCount "70"]
[EventDate "2007.08.01"]
[EventType "swiss"]
[EventRounds "9"]
[EventCountry "CAN"]
[SourceTitle "EXT 2022"]
[Source "ChessBase"]
[SourceDate "2021.10.06"]
[SourceVersion "1"]
[SourceVersionDate "2021.10.06"]
[SourceQuality "1"]

1. e4 c5 2. Nf3 e6 3. d4 cxd4 4. Nxd4 a6 5. Bd3 g6 6. Nc3 Bg7 7. Be3 d6 8. a4 b6 9. 0-0 Nf6 10. f4 0-0 11. Qf3 Bb7 12. Rae1 Nbd7 13. Nb3 Qc7 14. Qh3 Rfe8 15. g4 h6 16. g5 hxg5 17. fxg5 Nh5 18. Be2 Bxc3 19. bxc3 Qxc3 20. Bxh5 gxh5 21. Qxh5 Qg7 22. Rf4 e5 23. Rh4 Re6 24. Rf1 Rg6 25. Qg4 Nf8 26. Qg3 Ne6 27. Rg4 Bc8 28. Qg2 Nf4 29. Rgxf4 exf4 30. Bxf4 Bb7 31. h4 Re8 32. Qf2 Bxe4 33. Qxb6 Qc3 34. Nd4 Qh3 35. Kf2 Qg2+ 0-1

[Event "CAN-ch"]
[Site "Kitchener"]
[Date "2007.08.03"]
[Round "6"]
[White "Hua, Lefong"]
[Black "Mikanovic, Goran"]
[Result "1/2-1/2"]
[WhiteElo "2323"]
[BlackElo "2303"]
[PlyCount "67"]
[EventDate "2007.08.01"]
[EventType "swiss"]
[EventRounds "9"]
[EventCountry "CAN"]
[SourceTitle "EXT 2022"]
[Source "ChessBase"]
[SourceDate "2021.10.06"]
[SourceVersion "1"]
[SourceVersionDate "2021.10.06"]
[SourceQuality "1"]

1. d4 Nf6 2. c4 e6 3. Nc3 Bb4 4. e3 0-0 5. Nge2 d5 6. a3 Be7 7. cxd5 exd5 8. g3 a5 9. Bg2 c6 10. 0-0 Re8 11. Kh1 Nbd7 12. f3 c5 13. dxc5 Nxc5 14. Nf4 Be6 15. Nxe6 fxe6 16. e4 dxe4 17. Qxd8 Raxd8 18. Nxe4 Nfxe4 19. fxe4 Bf6 20. Be3 Bd4 21. Bxd4 Rxd4 22. Rac1 b6 23. Kg1 a4 24. Rc2 Red8 25. Re2 Rd2 26. Rff2 Rxe2 27. Rxe2 Kf7 28. Kf2 Kf6 29. e5+ Ke7 30. Bc6 Rd1 31. Rc2 Rd4 32. Ke3 Rd3+ 33. Ke2 Rd4 34. Ke3 1/2-1/2

[Event "CAN-ch"]
[Site "Kitchener"]
[Date "2007.08.03"]
[Round "4"]
[White "Mikanovic, Goran"]
[Black "Hamilton, Robert"]
[Result "1/2-1/2"]
[WhiteElo "2303"]
[BlackElo "2287"]
[PlyCount "98"]
[EventDate "2007.08.01"]
[EventType "swiss"]
[EventRounds "9"]
[EventCountry "CAN"]
[SourceTitle "EXT 2022"]
[Source "ChessBase"]
[SourceDate "2021.10.06"]
[SourceVersion "1"]
[SourceVersionDate "2021.10.06"]
[SourceQuality "1"]

1. d4 Nf6 2. c4 d6 3. Nf3 Nbd7 4. Nc3 e5 5. e4 Be7 6. Be2 0-0 7. 0-0 c6 8. Re1 Re8 9. Bf1 Qc7 10. Rb1 a5 11. a3 exd4 12. Nxd4 Nc5 13. b4 axb4 14. axb4 Na6 15. Bf4 Ng4 16. h3 Ne5 17. Qd2 Bf8 18. Rec1 Bd7 19. Kh1 Qd8 20. Bg5 Be7 21. Be3 Bf6 22. Nf5 Bxf5 23. exf5 Be7 24. Rd1 Bf8 25. Bg5 f6 26. Be3 Qd7 27. Qc2 Qf7 28. Ne4 d5 29. Nc5 Nxc5 30. bxc5 Nxc4 31. Bxc4 dxc4 32. Rdc1 Rad8 33. Kh2 Rd5 34. Qxc4 Re7 35. Qc2 Ree5 36. Qb3 Re7 37. g4 Red7 38. Kg2 h5 39. Qc4 Be7 40. Rb3 Bd8 41. Rcb1 Kh7 42. gxh5 Qxh5 43. Rxb7 Qf7 44. Rxd7 Qxd7 45. Qe4 Re5 46. Qh4+ Kg8 47. Qc4+ Kh7 48. Qh4+ Kg8 49. Qc4+ Kh7 1/2-1/2

[Event "CAN-ch"]
[Site "Kitchener"]
[Date "2007.08.02"]
[Round "3"]
[White "Predescu, Sebastian"]
[Black "Mikanovic, Goran"]
[Result "1/2-1/2"]
[WhiteElo "2236"]
[BlackElo "2303"]
[PlyCount "255"]
[EventDate "2007.08.01"]
[EventType "swiss"]
[EventRounds "9"]
[EventCountry "CAN"]
[SourceTitle "EXT 2022"]
[Source "ChessBase"]
[SourceDate "2021.10.06"]
[SourceVersion "1"]
[SourceVersionDate "2021.10.06"]
[SourceQuality "1"]

1. e4 c5 2. Nf3 e6 3. d4 cxd4 4. Nxd4 a6 5. Bd3 Bc5 6. Nb3 Be7 7. Qg4 g6 8. Qe2 d6 9. 0-0 Nd7 10. a4 b6 11. a5 b5 12. c4 bxc4 13. Bxc4 Bb7 14. Nc3 Qc7 15. Bf4 Ngf6 16. Nd2 0-0 17. Rfc1 Rfc8 18. Bd3 Nh5 19. Be3 Qd8 20. Nc4 Nhf6 21. Na4 d5 22. exd5 Nxd5 23. Nab6 N7xb6 24. Nxb6 Nxb6 25. axb6 Rxc1+ 26. Rxc1 Bd6 27. f3 Rc8 28. Rd1 Bc5 29. Bxc5 Rxc5 30. b4 Rd5 31. Qe3 Rd6 32. Kf1 Qxb6 33. Qxb6 Rxb6 34. Rb1 Kf8 35. b5 axb5 36. Rxb5 Rd6 37. Rxb7 Rxd3 38. Ke2 Ra3 39. Rb2 Kg7 40. h4 Kf6 41. g3 h6 42. Kf2 Rc3 43. Ra2 Rd3 44. Rb2 g5 45. hxg5+ hxg5 46. Ra2 Kf5 47. Ra4 Rd2+ 48. Ke3 Rg2 49. g4+ Kf6 50. Ra3 Rb2 51. Rc3 Rb5 52. Ra3 Ke5 53. Rc3 f6 54. Ra3 Rc5 55. Rb3 Kd5 56. Ra3 Rc6 57. Rb3 Rc4 58. Rb5+ Kc6 59. Rb3 Rc1 60. Ra3 Re1+ 61. Kf2 Re5 62. Rd3 Rd5 63. Ra3 Kd6 64. Ke3 Ke5 65. Rb3 Rc5 66. Ra3 Rc4 67. Ra5+ Kd6 68. Ra6+ Ke7 69. Ra7+ Ke8 70. Ra6 Kf7 71. Ra7+ Kf8 72. Ra6 Kf7 73. Ra7+ Kg6 74. Ra3 Rf4 75. Kf2 e5 76. Kg3 Rd4 77. Rb3 Kf7 78. Ra3 Ke6 79. Rb3 Kd5 80. Rb6 Rf4 81. Rb3 Rc4 82. Ra3 Rc6 83. Rb3 Kd4 84. Ra3 Kc4 85. Kf2 Rb6 86. Kg3 Kd4 87. Kf2 Rc6 88. Kg3 Kd5 89. Rb3 Ra6 90. Rc3 e4 91. fxe4+ Kxe4 92. Rb3 Rd6 93. Rb4+ Rd4 94. Rb6 Rd3+ 95. Kg2 Ke5 96. Ra6 Rd6 97. Ra3 Ke4 98. Ra4+ Rd4 99. Ra6 Ke5 100. Kg3 Rd6 101. Ra3 Ke4 102. Ra4+ Ke3 103. Ra3+ Ke2 104. Ra2+ Kd1 105. Ra1+ Kc2 106. Ra2+ Kb3 107. Rf2 Kc3 108. Rf5 Kd3 109. Ra5 Ke3 110. Ra3+ Ke4 111. Ra4+ Rd4 112. Ra6 Rd3+ 113. Kg2 Ke5 114. Ra5+ Rd5 115. Ra6 Kf4 116. Rxf6+ Kxg4 117. Ra6 Rd2+ 118. Kg1 Kh4 119. Ra3 Re2 120. Rb3 g4 121. Ra3 Kg5 122. Rb3 Kf4 123. Ra3 Re4 124. Kg2 Rc4 125. Rb3 Kg5 126. Ra3 Kh4 127. Rb3 g3 128. Rb8 1/2-1/2

[Event "Canada zt"]
[Site "Toronto"]
[Date "2006.08.25"]
[Round "8"]
[White "Lee, Vicente"]
[Black "Mikanovic, Goran"]
[Result "1-0"]
[WhiteElo "2236"]
[BlackElo "2284"]
[PlyCount "143"]
[EventDate "2006.08.18"]
[EventType "swiss"]
[EventRounds "9"]
[EventCountry "CAN"]
[SourceTitle "CBM 113 Extra"]
[Source "ChessBase"]
[SourceDate "2006.09.14"]
[SourceVersion "1"]
[SourceVersionDate "2006.09.14"]
[SourceQuality "1"]

1. e4 c5 2. Nf3 a6 3. c3 d5 4. exd5 Qxd5 5. d4 Nf6 6. Be2 e6 7. 0-0 cxd4 8. cxd4 Be7 9. Nc3 Qa5 10. Ne5 0-0 11. Bf3 Rd8 12. Be3 Nbd7 13. Nc4 Qc7 14. Qb3 Rb8 15. a4 b6 16. Rfc1 Bb7 17. Nd2 Bxf3 18. Nxf3 Qb7 19. Rc2 h6 20. Bf4 Rbc8 21. Rac1 Nf8 22. h3 Ng6 23. Be3 Rb8 24. Ne2 Bd6 25. Qc4 Nd5 26. Bd2 Rd7 27. Qd3 Rc7 28. Rxc7 Bxc7 29. Nc3 Nf6 30. Re1 Ne7 31. Qc4 Ned5 32. Ne5 Bd6 33. Qe2 Rc8 34. Qf3 Bf8 35. g4 Rc7 36. Kg2 Nb4 37. Qxb7 Rxb7 38. Be3 Rc7 39. Kf3 Rc8 40. Rd1 Be7 41. Nd3 Nbd5 42. Rc1 Rd8 43. Nxd5 Nxd5 44. Rc6 Bf6 45. Ke4 Kf8 46. a5 Rb8 47. axb6 Rxb6 48. Rxb6 Nxb6 49. Nc5 a5 50. b3 Nd5 51. Bd2 Bd8 52. Nb7 Ke8 53. Nxa5 Kd7 54. Nc4 Be7 55. Ne5+ Ke8 56. Kd3 f6 57. Nc6 Bd6 58. b4 Kd7 59. b5 g5 60. Na5 Kc7 61. Nc4 Bf4 62. Ne3 Ne7 63. Bb4 Bd6 64. Kc4 Bxb4 65. Kxb4 Kd6 66. Ka5 Kc7 67. Ka6 Nc8 68. Nc4 f5 69. b6+ Nxb6 70. Nxb6 Kc6 71. Ka5 f4 72. f3 1-0

[Event "Canada zt"]
[Site "Toronto"]
[Date "2006.08.24"]
[Round "7"]
[White "Krnan, Tomas"]
[Black "Mikanovic, Goran"]
[Result "1-0"]
[WhiteElo "2399"]
[BlackElo "2284"]
[PlyCount "47"]
[EventDate "2006.08.18"]
[EventType "swiss"]
[EventRounds "9"]
[EventCountry "CAN"]
[SourceTitle "CBM 113 Extra"]
[Source "ChessBase"]
[SourceDate "2006.09.14"]
[SourceVersion "1"]
[SourceVersionDate "2006.09.14"]
[SourceQuality "1"]

1. e4 c5 2. Nf3 d6 3. d4 cxd4 4. Nxd4 Nf6 5. Nc3 a6 6. Bc4 e6 7. Bb3 b5 8. 0-0 Nbd7 9. Bxe6 fxe6 10. Nxe6 Qb6 11. Nd5 Nxd5 12. exd5 Nf6 13. Re1 Bxe6 14. Rxe6+ Kf7 15. Bg5 Be7 16. Qe2 Qd8 17. Re1 Ra7 18. h4 h6 19. Be3 Rb7 20. h5 Nh7 21. Bb6 Qd7 22. Qd3 Re8 23. Qxh7 Rxb6 24. R1e3 1-0

[Event "Canada zt"]
[Site "Toronto"]
[Date "2006.08.22"]
[Round "5"]
[White "Mikanovic, Goran"]
[Black "Hamilton, Robert"]
[Result "1-0"]
[WhiteElo "2284"]
[BlackElo "2333"]
[PlyCount "89"]
[EventDate "2006.08.18"]
[EventType "swiss"]
[EventRounds "9"]
[EventCountry "CAN"]
[SourceTitle "CBM 113 Extra"]
[Source "ChessBase"]
[SourceDate "2006.09.14"]
[SourceVersion "1"]
[SourceVersionDate "2006.09.14"]
[SourceQuality "1"]

1. d4 Nf6 2. c4 e6 3. Nc3 Bb4 4. Qc2 c5 5. dxc5 Na6 6. a3 Bxc3+ 7. Qxc3 Nxc5 8. b4 Nce4 9. Qd4 d5 10. cxd5 exd5 11. e3 0-0 12. Bb2 a5 13. Bd3 Re8 14. Ne2 h6 15. 0-0 Nd2 16. Bh7+ Kxh7 17. Qxd2 Ne4 18. Qd4 f6 19. Nf4 Be6 20. Rfd1 axb4 21. axb4 Rxa1 22. Bxa1 Bf7 23. f3 Ng5 24. h4 Ne6 25. Qd3+ Kh8 26. Nxd5 Nc7 27. Nxf6 Qxd3 28. Rxd3 Ra8 29. Be5 Na6 30. Ne4 Be6 31. Rd6 Re8 32. Nc5 Nxc5 33. bxc5 Kg8 34. Kf2 Kf7 35. Rb6 Bd5 36. Bd4 Bc6 37. Rb1 g5 38. hxg5 hxg5 39. Rh1 Ra8 40. Ra1 Rg8 41. g4 Rd8 42. Rh1 Ra8 43. Rh6 Bd7 44. Rf6+ Ke7 45. Rg6 1-0

[Event "Canada zt"]
[Site "Toronto"]
[Date "2006.08.21"]
[Round "4"]
[White "Gerzhoy, Leonid"]
[Black "Mikanovic, Goran"]
[Result "1/2-1/2"]
[WhiteElo "2386"]
[BlackElo "2284"]
[PlyCount "37"]
[EventDate "2006.08.18"]
[EventType "swiss"]
[EventRounds "9"]
[EventCountry "CAN"]
[SourceTitle "CBM 113 Extra"]
[Source "ChessBase"]
[SourceDate "2006.09.14"]
[SourceVersion "1"]
[SourceVersionDate "2006.09.14"]
[SourceQuality "1"]

1. d4 Nf6 2. c4 e6 3. g3 Bb4+ 4. Bd2 Be7 5. Bg2 d5 6. Nf3 0-0 7. 0-0 c6 8. Bf4 b6 9. Nc3 a5 10. Rc1 Ba6 11. cxd5 cxd5 12. Ne5 Nfd7 13. Nxd7 Nxd7 14. Re1 Nf6 15. Bg5 Rc8 16. Bxf6 Bxf6 17. e3 Be7 18. Bf1 Bc4 19. Bxc4 1/2-1/2

[Event "Canada zt"]
[Site "Toronto"]
[Date "2006.08.19"]
[Round "2"]
[White "Mikanovic, Goran"]
[Black "Tayar, Jonathan"]
[Result "1/2-1/2"]
[WhiteElo "2284"]
[BlackElo "2214"]
[PlyCount "62"]
[EventDate "2006.08.18"]
[EventType "swiss"]
[EventRounds "9"]
[EventCountry "CAN"]
[SourceTitle "CBM 113 Extra"]
[Source "ChessBase"]
[SourceDate "2006.09.14"]
[SourceVersion "1"]
[SourceVersionDate "2006.09.14"]
[SourceQuality "1"]

1. d4 Nf6 2. c4 g6 3. Nc3 Bg7 4. e4 d6 5. Nf3 0-0 6. Be2 e5 7. Be3 exd4 8. Nxd4 Re8 9. f3 c6 10. Bf2 d5 11. exd5 cxd5 12. 0-0 Nc6 13. c5 Nh5 14. Qd2 Be5 15. g3 Ng7 16. Rfd1 Ne6 17. Nxe6 Bxe6 18. f4 Bg7 19. Bf3 d4 20. Nb5 Bd5 21. Bxd5 Qxd5 22. Nc7 Qxc5 23. Rac1 Qd6 24. Nxa8 Rxa8 25. Qd3 Rd8 26. a3 h5 27. b4 a6 28. Rc2 Bf6 29. Re1 Qd7 30. Rce2 Kg7 31. Rd1 Qd6 1/2-1/2

[Event "Canadian op"]
[Site "Kitchener"]
[Date "2006.07.23"]
[Round "9"]
[White "Mikanovic, Goran"]
[Black "Peng, David Yu"]
[Result "1-0"]
[WhiteElo "2284"]
[BlackElo "2170"]
[PlyCount "67"]
[EventDate "2006.07.15"]
[EventType "swiss"]
[EventRounds "9"]
[EventCountry "CAN"]
[SourceTitle "CBM 113 Extra"]
[Source "ChessBase"]
[SourceDate "2006.09.14"]
[SourceVersion "1"]
[SourceVersionDate "2006.09.14"]
[SourceQuality "1"]

1. d4 d5 2. c4 c6 3. Nf3 Nf6 4. Nc3 a6 5. c5 Bf5 6. Qb3 Ra7 7. a4 Nbd7 8. e3 e5 9. Be2 Be7 10. 0-0 Qc7 11. Nh4 Bg4 12. f3 Be6 13. f4 Ne4 14. f5 Nxc3 15. bxc3 Bxh4 16. fxe6 fxe6 17. Bh5+ g6 18. Bg4 Ke7 19. e4 Nf6 20. exd5 exd5 21. Bh3 Ne4 22. c4 Qd8 23. Be3 dxc4 24. Qxc4 Qd5 25. Qxd5 cxd5 26. dxe5 Bg5 27. Bd4 Raa8 28. Rab1 Rab8 29. Rb6 Ke8 30. c6 Bd8 31. Rxb7 Rxb7 32. cxb7 Bc7 33. Rc1 Kd8 34. b8Q+ 1-0

[Event "Canadian op"]
[Site "Kitchener"]
[Date "2006.07.20"]
[Round "6"]
[White "Krnan, Tomas"]
[Black "Mikanovic, Goran"]
[Result "1-0"]
[WhiteElo "2399"]
[BlackElo "2284"]
[PlyCount "53"]
[EventDate "2006.07.15"]
[EventType "swiss"]
[EventRounds "9"]
[EventCountry "CAN"]
[SourceTitle "CBM 113 Extra"]
[Source "ChessBase"]
[SourceDate "2006.09.14"]
[SourceVersion "1"]
[SourceVersionDate "2006.09.14"]
[SourceQuality "1"]

1. e4 c5 2. Nf3 e6 3. d4 cxd4 4. Nxd4 a6 5. Bd3 Bc5 6. Nb3 Be7 7. c4 d6 8. Nc3 Nf6 9. 0-0 b6 10. Be3 Nbd7 11. f4 Bb7 12. Qf3 0-0 13. Rae1 Qc7 14. Qh3 g6 15. Bd4 Rfe8 16. e5 Nh5 17. f5 exf5 18. Rxf5 Nxe5 19. Rxh5 gxh5 20. Qxh5 Bf6 21. Qxh7+ Kf8 22. Ne4 Bxe4 23. Bxe4 Rac8 24. Rf1 Bg7 25. Bd5 Re7 26. Rf5 Ree8 27. Rg5 1-0

[Event "Canadian op"]
[Site "Kitchener"]
[Date "2006.07.18"]
[Round "4"]
[White "Mikanovic, Goran"]
[Black "Hecht, Hans Joachim"]
[Result "1/2-1/2"]
[WhiteElo "2284"]
[BlackElo "2394"]
[PlyCount "83"]
[EventDate "2006.07.15"]
[EventType "swiss"]
[EventRounds "9"]
[EventCountry "CAN"]
[SourceTitle "CBM 113 Extra"]
[Source "ChessBase"]
[SourceDate "2006.09.14"]
[SourceVersion "1"]
[SourceVersionDate "2006.09.14"]
[SourceQuality "1"]

1. d4 Nf6 2. c4 e6 3. Nc3 Bb4 4. Qc2 d6 5. a3 Bxc3+ 6. Qxc3 0-0 7. Bg5 Nbd7 8. f3 c5 9. dxc5 dxc5 10. e3 b6 11. Nh3 Bb7 12. Rd1 Qe7 13. Bd3 h6 14. Bh4 Rfd8 15. 0-0 Nf8 16. Qc2 e5 17. Nf2 Ne6 18. Ne4 Bxe4 19. Bxe4 Rxd1 20. Rxd1 Rd8 21. Bd5 Ng5 22. Bxg5 hxg5 23. Qf5 Nxd5 24. Rxd5 g6 25. Qd3 Rxd5 26. cxd5 Qd6 27. e4 Kf8 28. h3 Ke7 29. a4 Qc7 30. b3 Qb7 31. Qc3 Kd6 32. Kf2 f5 33. Qd2 f4 34. Qd3 a6 35. Qc3 Qc7 36. Ke2 b5 37. axb5 axb5 38. Qa1 Qb6 39. Qa8 c4 40. Qf8+ Kd7 41. Qf7+ Kd8 42. Qf8+ 1/2-1/2

[Event "Canadian op"]
[Site "Kitchener"]
[Date "2006.07.17"]
[Round "3"]
[White "Mikanovic, Goran"]
[Black "Kraai, Jesse"]
[Result "1/2-1/2"]
[WhiteElo "2284"]
[BlackElo "2473"]
[PlyCount "112"]
[EventDate "2006.07.15"]
[EventType "swiss"]
[EventRounds "9"]
[EventCountry "CAN"]
[SourceTitle "CBM 113 Extra"]
[Source "ChessBase"]
[SourceDate "2006.09.14"]
[SourceVersion "1"]
[SourceVersionDate "2006.09.14"]
[SourceQuality "1"]

1. d4 e6 2. c4 Nf6 3. Nc3 Bb4 4. Qc2 d5 5. cxd5 Qxd5 6. Nf3 Qe4 7. Qb3 Nc6 8. Bd2 Bxc3 9. Bxc3 0-0 10. e3 Nd5 11. Be2 a5 12. Bd2 a4 13. Qc4 a3 14. b3 Nb6 15. Qd3 Qxd3 16. Bxd3 Bd7 17. Ke2 Rfc8 18. Rhc1 f6 19. e4 Be8 20. h3 Nd8 21. Rc2 c6 22. g4 Bg6 23. Bb4 Nf7 24. Nh4 e5 25. Nxg6 hxg6 26. Rd2 g5 27. Bc5 Nd7 28. Bc4 Re8 29. f3 b6 30. Bd6 exd4 31. Rxd4 Nf8 32. Rad1 Ne6 33. Bxe6 Rxe6 34. Bg3 Re7 35. Rd7 Ra7 36. Rxe7 Rxe7 37. b4 Ra7 38. Bf2 Ra4 39. Rb1 b5 40. h4 gxh4 41. Bxh4 Ne5 42. Be1 Kf7 43. Bc3 Ke6 44. f4 Nxg4 45. Rg1 f5 46. exf5+ Kxf5 47. Kf3 Nf6 48. Rg5+ Ke6 49. Rxg7 Nd5 50. Rg6+ Kd7 51. Be5 Rxb4 52. Rd6+ Ke7 53. Rxc6 Rc4 54. Bd6+ Kd7 55. Rxc4 bxc4 56. Bxa3 Nc3 1/2-1/2

[Event "Guelph op"]
[Site "Guelph"]
[Date "2005.07.29"]
[Round "4"]
[White "Mikanovic, Goran"]
[Black "Dougherty, Michael J"]
[Result "0-1"]
[WhiteElo "2282"]
[BlackElo "2233"]
[PlyCount "144"]
[EventDate "2005.07.28"]
[EventType "swiss"]
[EventRounds "9"]
[EventCountry "CAN"]
[SourceTitle "CBM 107 Extra"]
[Source "ChessBase"]
[SourceDate "2005.09.01"]
[SourceVersion "1"]
[SourceVersionDate "2005.09.01"]
[SourceQuality "1"]

1. d4 g6 2. c4 Bg7 3. Nf3 c5 4. d5 d6 5. Nc3 Nf6 6. h3 0-0 7. e4 e6 8. Bd3 a6 9. a4 exd5 10. cxd5 Nbd7 11. 0-0 Nh5 12. Bg5 Bf6 13. Be3 Ng7 14. Bf4 Qe7 15. Re1 Ne5 16. Be2 Rb8 17. a5 g5 18. Bxe5 Bxe5 19. Nxe5 Qxe5 20. Bg4 b5 21. axb6 Rxb6 22. Ra2 Rb4 23. Bxc8 Rxc8 24. Qa1 Nh5 25. Rxa6 Nf4 26. Re3 Rcb8 27. Ra2 Qd4 28. Qc1 h6 29. Qc2 Qe5 30. Nd1 Rd4 31. Ra4 f5 32. Nc3 Rf8 33. exf5 Qxf5 34. Qxf5 Rxf5 35. Ra8+ Rf8 36. Ra7 Rf7 37. Ra8+ Kg7 38. Re1 Nxd5 39. Nxd5 Rxd5 40. Re2 Rd4 41. f3 Kf6 42. Rae8 Rb7 43. R8e6+ Kg7 44. Kf2 d5 45. Rc6 c4 46. g3 Rd3 47. Kg2 Rdb3 48. f4 gxf4 49. gxf4 Rxb2 50. Kf3 Rxe2 51. Kxe2 Rb3 52. h4 h5 53. f5 Rd3 54. Rg6+ Kf7 55. Rh6 d4 56. Rxh5 Re3+ 57. Kf2 Kf6 58. Rh6+ Kxf5 59. Rc6 c3 60. h5 Rh3 61. Kg2 Rxh5 62. Rc5+ Kg4 63. Rc4 Rd5 64. Kf2 Kf4 65. Ke2 Ke4 66. Rc8 d3+ 67. Kd1 Kd4 68. Ra8 Rb5 69. Rd8+ Kc4 70. Rc8+ Kb3 71. Rd8 Kb2 72. Rc8 Rh5 0-1

[Event "Montreal Class-A"]
[Site "Montreal"]
[Date "2004.11.13"]
[Round "2"]
[White "Larochelle, Martial"]
[Black "Mikanovic, Goran"]
[Result "1/2-1/2"]
[WhiteElo "2209"]
[BlackElo "2346"]
[PlyCount "140"]
[EventDate "2004.11.??"]
[EventType "swiss"]
[EventRounds "5"]
[EventCountry "CAN"]
[SourceTitle "EXT 2006"]
[Source "ChessBase"]
[SourceDate "2005.11.24"]
[SourceVersion "1"]
[SourceVersionDate "2005.11.24"]
[SourceQuality "1"]

1. c4 c5 2. g3 g6 3. Bg2 Bg7 4. Nc3 Nc6 5. a3 Nf6 6. d3 0-0 7. Nh3 d6 8. 0-0 Bd7 9. Rb1 a5 10. Nf4 e6 11. e3 e5 12. Nfd5 Nxd5 13. Nxd5 Rb8 14. b4 axb4 15. axb4 Nxb4 16. Nxb4 cxb4 17. Bd2 Bc6 18. Bxb4 Qd7 19. Qb3 Rfc8 20. Ba3 Ra8 21. Rfc1 Rd8 22. Rc3 h5 23. Bxc6 bxc6 24. Qb7 Qe8 25. Rcb3 Bf8 26. d4 exd4 27. exd4 Qe4 28. Re3 Qxd4 29. Qxc6 Rac8 30. Qf3 Qxc4 31. Rb7 Re8 32. Bb2 Bg7 33. Bxg7 Kxg7 34. Ree7 Rxe7 35. Rxe7 Rc7 36. Re8 Ra7 37. h4 Ra1+ 38. Kh2 Ra2 39. Re7 Rc2 40. Kg2 Qa2 41. Rd7 Qe6 42. Rb7 Qf6 43. Rd7 Qxf3+ 44. Kxf3 Rd2 45. Ke3 Rd1 46. Ke2 Rd5 47. Ke3 Kf6 48. f3 Ke6 49. Rd8 Ra5 50. Re8+ Kf5 51. Rd8 Ra3+ 52. Kf2 Ke6 53. Ke2 Ra7 54. Ke3 Rc7 55. Ke4 Rc3 56. Re8+ Kd7 57. Rf8 Ke7 58. Ra8 Rb3 59. Ra7+ Ke6 60. Ra6 Rb4+ 61. Ke3 Ke5 62. Ra7 Rb3+ 63. Ke2 Ke6 64. Ra8 f6 65. Rg8 Rb2+ 66. Ke3 Kf5 67. g4+ hxg4 68. fxg4+ Kxg4 69. Rxg6+ Kf5 70. Rh6 Ke5 1/2-1/2

[Event "Montreal Class-A"]
[Site "Montreal"]
[Date "2004.11.12"]
[Round "1"]
[White "Mikanovic, Goran"]
[Black "Arsenault, Nicolas"]
[Result "1-0"]
[WhiteElo "2346"]
[BlackElo "2116"]
[PlyCount "79"]
[EventDate "2004.11.??"]
[EventType "swiss"]
[EventRounds "5"]
[EventCountry "CAN"]
[SourceTitle "EXT 2006"]
[Source "ChessBase"]
[SourceDate "2005.11.24"]
[SourceVersion "1"]
[SourceVersionDate "2005.11.24"]
[SourceQuality "1"]

1. d4 Nf6 2. c4 g6 3. Nc3 Bg7 4. e4 d6 5. Nf3 0-0 6. Be2 e5 7. 0-0 Nc6 8. d5 Ne7 9. b4 Nh5 10. Re1 f5 11. Ng5 Nf6 12. Bf3 c6 13. Be3 h6 14. Ne6 Bxe6 15. dxe6 fxe4 16. Nxe4 Nxe4 17. Bxe4 d5 18. cxd5 cxd5 19. Bc5 dxe4 20. Qxd8 Rfxd8 21. Bxe7 Re8 22. Bc5 Rxe6 23. Rxe4 Rd8 24. g3 a6 25. a4 Kf7 26. Rb1 Rc6 27. Be3 b5 28. axb5 axb5 29. Ra1 Rd7 30. Ra5 Rb7 31. Bc5 Ke6 32. Kg2 Kf5 33. Kf3 h5 34. h3 Rf6 35. Ra8 Ke6+ 36. Ke2 Kd5 37. Re3 Kc4 38. Re8 Kd5 39. Rd8+ Kc4 40. Rdd3 1-0

[Event "CAN-ch"]
[Site "Toronto"]
[Date "2004.08.22"]
[Round "3"]
[White "Dougherty, Michael J"]
[Black "Mikanovic, Goran"]
[Result "1-0"]
[WhiteElo "2229"]
[BlackElo "2278"]
[PlyCount "74"]
[EventDate "2004.08.20"]
[EventType "swiss"]
[EventRounds "9"]
[EventCountry "CAN"]
[SourceTitle "CBM 101 Extra"]
[Source "ChessBase"]
[SourceDate "2004.09.01"]
[SourceVersion "2"]
[SourceVersionDate "2004.09.01"]
[SourceQuality "1"]

1. d4 Nf6 2. c4 e6 3. Nc3 Bb4 4. e3 0-0 5. Bd3 c5 6. a3 Bxc3+ 7. bxc3 d5 8. cxd5 exd5 9. Ne2 b6 10. 0-0 Ba6 11. Ng3 Re8 12. Bxa6 Nxa6 13. Qd3 Qc8 14. f3 Qb7 15. Ra2 Rac8 16. Re2 cxd4 17. cxd4 Rc4 18. e4 Qc8 19. Bb2 Re6 20. e5 Ne8 21. f4 Rec6 22. f5 Rc2 23. Ref2 Nb8 24. Qf3 Rxf2 25. Rxf2 Qd8 26. Qg4 Rc4 27. Nh5 Kh8 28. f6 g6 29. e6 gxh5 30. Qg5 Nxf6 31. Rxf6 fxe6 32. Qe5 Kg7 33. Rf5+ Kg8 34. Qxe6+ Kh8 35. Qe5+ Kg8 36. Rg5+ Kf7 37. Rg7+ Kf8 1-0

[Event "CAN-ch"]
[Site "Toronto"]
[Date "2004.08.21"]
[Round "2"]
[White "Mikanovic, Goran"]
[Black "Panjwani, Raja"]
[Result "1/2-1/2"]
[WhiteElo "2278"]
[BlackElo "2154"]
[PlyCount "92"]
[EventDate "2004.08.20"]
[EventType "swiss"]
[EventRounds "9"]
[EventCountry "CAN"]
[SourceTitle "CBM 101 Extra"]
[Source "ChessBase"]
[SourceDate "2004.09.01"]
[SourceVersion "2"]
[SourceVersionDate "2004.09.01"]
[SourceQuality "1"]

1. d4 Nf6 2. c4 g6 3. Nc3 d5 4. cxd5 Nxd5 5. e4 Nxc3 6. bxc3 Bg7 7. Bc4 0-0 8. Ne2 Nc6 9. 0-0 b6 10. Bg5 Bb7 11. Qd2 Qd7 12. Rad1 Na5 13. Bd3 Qa4 14. Ng3 c5 15. dxc5 Rfd8 16. Qe2 bxc5 17. Bxe7 Rdc8 18. e5 Qc6 19. f4 Qe6 20. Bd6 f5 21. Ba6 Bxa6 22. Qxa6 Nc4 23. Rf3 Bf8 24. Qb7 Rd8 25. Rfd3 Bxd6 26. exd6 Rab8 27. Qxa7 Nb2 28. Qxc5 Nxd3 29. Rxd3 Qxa2 30. Nf1 Rb2 31. Qc6 Qe6 32. c4 Qe2 33. Qd5+ Kf8 34. Rd1 Qf2+ 35. Kh1 Re2 36. c5 Re1 37. Rxe1 Qxe1 38. Kg1 Qe4 39. Qe5 Kf7 40. c6 Ra8 41. c7 Qc6 42. Qe7+ Kg8 43. Qd8+ Kf7 44. Qe7+ Kg8 45. Qe6+ Kg7 46. Qe7+ Kg8 1/2-1/2

[Event "Quebec op"]
[Site "Montreal"]
[Date "2004.07.23"]
[Round "7"]
[White "Mikanovic, Goran"]
[Black "Sullivan, Neil"]
[Result "1/2-1/2"]
[WhiteElo "2278"]
[BlackElo "2092"]
[PlyCount "186"]
[EventDate "2004.07.17"]
[EventType "swiss"]
[EventRounds "9"]
[EventCountry "CAN"]
[SourceTitle "CBM 101 Extra"]
[Source "ChessBase"]
[SourceDate "2004.09.01"]
[SourceVersion "2"]
[SourceVersionDate "2004.09.01"]
[SourceQuality "1"]

1. d4 d5 2. c4 e6 3. Nf3 Nf6 4. Nc3 Be7 5. Bg5 h6 6. Bh4 0-0 7. e3 b6 8. Rc1 Bb7 9. Bxf6 Bxf6 10. cxd5 exd5 11. b4 c5 12. bxc5 bxc5 13. dxc5 Qa5 14. Qd2 Qxc5 15. Nb5 Qb6 16. Be2 Nc6 17. 0-0 Rab8 18. Rfd1 Rfc8 19. Nd6 Rd8 20. Rb1 Qc7 21. Nb5 Qe7 22. Nbd4 Bxd4 23. Nxd4 Ne5 24. Qa5 Ba8 25. Qa4 Rxb1 26. Rxb1 Qc5 27. Qb4 Qxb4 28. Rxb4 Nc6 29. Rb1 Nxd4 30. exd4 Kf8 31. Kf1 Ke7 32. Ke1 Kd6 33. Kd2 Bc6 34. Rb3 Rd7 35. Rg3 g6 36. Rf3 Ke7 37. Ra3 Kd6 38. Bd3 Rb7 39. Kc3 Bd7 40. Ra6+ Ke7 41. h4 Bc8 42. Ra5 Be6 43. Kd2 g5 44. g3 f5 45. hxg5 hxg5 46. Ke3 Kd6 47. Ra6+ Ke7 48. f4 g4 49. Kd2 Bc8 50. Ra5 Kd6 51. Bc2 Bd7 52. Bb3 Be6 53. Ra6+ Ke7 54. Kc3 Kd7 55. Kb2 Ke7 56. Ka3 Kd7 57. Ba4+ Ke7 58. Bb3 Kd7 59. Ra5 Kd6 60. Kb2 Kc6 61. Rc5+ Kd6 62. Ra5 Kc6 63. Ra6+ Kd7 64. Kc3 Ke7 65. Kd2 Kd7 66. Ke2 Ke7 67. Ke3 Kd7 68. Kf2 Ke7 69. Rc6 Kd7 70. Rc1 Kd6 71. Rc5 Rh7 72. Kg2 Rb7 73. Rc1 Rb4 74. Rd1 Rb7 75. Rh1 a5 76. Rd1 a4 77. Bxa4 Rb2+ 78. Kg1 Rxa2 79. Bb5 Rb2 80. Bd3 Bd7 81. Rb1 Rd2 82. Rb3 Be6 83. Kf1 Bd7 84. Ke1 Rg2 85. Be2 Ba4 86. Rc3 Bc6 87. Kf1 Rh2 88. Re3 Bd7 89. Kg1 Rh8 90. Re5 Be6 91. Bd3 Rf8 92. Kf2 Rf7 93. Ke3 Rf8 1/2-1/2